Curriculum de destrezas adaptativas -ALSC-: manual

Guardat en:
Dades bibliogràfiques
Autors principals: Gilman, C. J (Autor), Bruininks, Robert. H (Autor), Anderson, J. L (Autor), Unamunzaga, E (Autor)
Altres autors: Morreau, Lanny E. (autor), Montero Centeno, Delfín (autor)
Format: Llibre
Idioma:espanyol
Publicat: Bilbao Ediciones Mensajero 2009
Edició:2a. ed
Col·lecció:Recursos e Instrumentos Psico-Pedagógicos, 41
Matèries:
Etiquetes: Afegir etiqueta
Sense etiquetes, Sigues el primer a etiquetar aquest registre!

MARC

LEADER 00000cam a2200000 a 4500
001 UCD7618
003 CL-VaPUC
008 170331e20090000sp |||||||||||||||||spa|d
020 |a 9788427124639 
082 0 4 |a 362.4  |b GIL  |2 21 
100 |a Gilman, C. J  |e author  |9 592520 
700 |a Morreau, Lanny E.  |e autor  |9 592521 
700 0 |a Bruininks, Robert. H  |e author  |9 591631 
700 0 |a Anderson, J. L  |e author  |9 591632 
700 |a Montero Centeno, Delfín  |e autor  |9 460018 
700 0 |a Unamunzaga, E  |e author  |9 591634 
245 1 0 |a Curriculum de destrezas adaptativas -ALSC-: manual 
250 |a 2a. ed 
300 |a 149 p 
942 |c BK 
945 |d 20170331 00:58:00  |a dcastane 
260 |a Bilbao  |b Ediciones Mensajero  |c 2009 
650 7 |a DISCAPACITADOS MENTALES  |2 CL-VaPUC  |9 575137 
650 0 |a Retraso mental   |9 369247 
583 |a last modification  |c 20170331 00:58:00  |k Rodrigo Vera 
490 0 |a Recursos e Instrumentos Psico-Pedagógicos, 41 
999 |c 367594  |d 367592 
952 |0 0  |1 0  |3 erb  |4 0  |6 362_400000000000000_GIL_2009  |7 0  |8 R  |9 482578  |a BIBEDU  |b BIBEDU  |c MCIRC  |i 5371155  |o 362.4 GIL 2009  |p 5371155  |r 2023-01-13  |w 2019-11-24  |y BK_R  |z Catalogado en:20170331  |k EDI 
952 |0 0  |1 0  |3 erb  |4 0  |6 362_400000000000000_GIL_2009  |7 0  |8 R  |9 482579  |a BIBEDU  |b BIBEDU  |c MCIRC  |i 5371147  |o 362.4 GIL 2009  |p 5371147  |r 2023-01-13  |w 2019-11-24  |y BK_R  |z Catalogado en:20170331  |k EDI 
952 |0 0  |1 0  |3 erb  |4 0  |6 362_400000000000000_GIL_2009  |7 0  |8 R  |9 482580  |a BIBEDU  |b BIBEDU  |c MCIRC  |i 5378419  |o 362.4 GIL 2009  |p 5378419  |r 2023-01-13  |w 2019-11-24  |y BK_R  |z Catalogado en:20170527  |k EDI